Joannis Antiocheni, cognomento Malalae, Historia chronica : e ms. cod. Bibliothecae Bodleianae nunc primum edita cum interpret. & notis Edm. Chilmeadi & triplice indice rerum, autorum & vocum barbararum : praemittitur dissertatio de autore per Humfredum Hodium ... accedit Epistola Richardi Bentleii ad Cl.V. Jo. Millium ... cum indice scriptorum, qui ibi emendantur.

Bibliographic Details
Main Author: Malalas, John, approximately 491-approximately 578
Other Authors: Chilmead, Edmund, 1610-1654, Bentley, Richard, 1662-1742
Format: Book
Language:Latin
Greek, Ancient (to 1453)
Published: Oxonii, E Theatro Sheldoniano, 1691. [publisher not identified] ; [date of publication not identified]
Series:Early English books, 1641-1700 ; 1287:19.
Subjects:

MARC

Tag First Indicator Second Indicator Subfields
LEADER 00000cam a2200000 a 4500
001 in00000881663
005 20150923154436.0
008 821202r19821691miu ab 00110 lat d
035 |a (OCoLC)09012413 
035 |9 AEM0287AM 
037 |a CL0037000043  |b University Microfilms International 
037 |b University Microfilms International, 300 N. Zeeb Rd., Ann Arbor, MI 48106 
040 |a UMI  |c UMI  |d OCL  |d m/c  |d UtOrBLW 
041 1 |a lat  |a grc  |b grc 
045 0 |a a0j6 
049 |a TXAI 
090 |a D17  |b .M3 
099 |a film   |a  B   |a  3609 
100 1 |a Malalas, John,  |d approximately 491-approximately 578. 
245 1 0 |a Joannis Antiocheni, cognomento Malalae, Historia chronica :  |b e ms. cod. Bibliothecae Bodleianae nunc primum edita cum interpret. & notis Edm. Chilmeadi & triplice indice rerum, autorum & vocum barbararum : praemittitur dissertatio de autore per Humfredum Hodium ... accedit Epistola Richardi Bentleii ad Cl.V. Jo. Millium ... cum indice scriptorum, qui ibi emendantur. 
264 1 |a Oxonii, E Theatro Sheldoniano, 1691.  |b [publisher not identified] ;  |c [date of publication not identified] 
300 |a 868 pages in various pagings. 
336 |a text  |b txt  |2 rdacontent 
337 |a microform  |b h  |2 rdamedia 
338 |a microfilm reel  |b hd  |2 rdacarrier 
500 |a Text in Latin and Greek in parallel columns. 
500 |a Added title page: Iōannou Antiocheos tou epiklēn Malala Chronikē istorhia. 
500 |a Running title: Joannis Malalae Chronographia. 
500 |a "Joannis Antiocheni cognomento Malalae Chronographiae, pars altera, de imperatoribus Christianis" and "Richardi Bentleii Epistola ad Cl. V. Joannem Millium " have separate pagination. 
504 |a Includes bibliographical references and indexes. 
500 |a Reproduction of original in the Union Theological Seminary Library, New York. 
510 4 |a Wing  |c J745. 
533 |a Microfilm.  |b Ann Arbor, Mich. :  |c University Microfilms International,  |d 1982.  |e 1 microfilm reel ; 35 mm.  |f (Early English books, 1641-1700 ; 1287:19) 
500 |a Microform. 
650 0 |a History, Ancient. 
651 0 |a Byzantine Empire  |x History. 
650 0 |a Chronology, Historical. 
700 1 |a Chilmead, Edmund,  |d 1610-1654. 
740 0 |a Iōannou Antiocheos tou epiklēn Malala Chronikē istorhia. 
740 0 |a Joannis Malalae Chronographia. 
700 1 |a Bentley, Richard,  |d 1662-1742.  |t Epistola ad Joannem Millium. 
830 0 |a Early English books, 1641-1700 ;  |v 1287:19. 
999 |a MARS 
999 f f |s 84082023-efe8-3a86-89da-fa9b6b6c320c  |i 41fcc3d6-13b4-34d8-8a29-8384b21368ad  |t 0 
952 f f |p default  |a Texas A&M University  |b College Station  |c Sterling C. Evans Library  |d Evans: Microforms (3rd floor)  |t 0  |e film B 3609 1287:19  |h Other scheme  |i microform -- microfilm reel 
998 f f |a film B 3609 1287:19  |t 0  |l Evans: Microforms (3rd floor)